<?xml version="1.0" encoding="UTF-8"?><?xml-stylesheet type="text/xsl" href="static/style.xsl"?><OAI-PMH xmlns="http://www.openarchives.org/OAI/2.0/" xmlns:xsi="http://www.w3.org/2001/XMLSchema-instance" xsi:schemaLocation="http://www.openarchives.org/OAI/2.0/ http://www.openarchives.org/OAI/2.0/OAI-PMH.xsd"><responseDate>2026-06-07T15:51:49Z</responseDate><request verb="GetRecord" identifier="oai:docta.ucm.es:20.500.14352/114010" metadataPrefix="marc">https://docta.ucm.es/rest/oai/request</request><GetRecord><record><header><identifier>oai:docta.ucm.es:20.500.14352/114010</identifier><datestamp>2025-03-18T13:34:48Z</datestamp><setSpec>com_20.500.14352_14</setSpec><setSpec>col_20.500.14352_15</setSpec></header><metadata><record xmlns="http://www.loc.gov/MARC21/slim" xmlns:dcterms="http://purl.org/dc/terms/" xmlns:xsi="http://www.w3.org/2001/XMLSchema-instance" xmlns:doc="http://www.lyncode.com/xoai" xsi:schemaLocation="http://www.loc.gov/MARC21/slim http://www.loc.gov/standards/marcxml/schema/MARC21slim.xsd">
   <leader>00925njm 22002777a 4500</leader>
   <datafield ind2=" " ind1=" " tag="042">
      <subfield code="a">dc</subfield>
   </datafield>
   <datafield ind2=" " ind1=" " tag="720">
      <subfield code="a">Romero Sánchez, Iván</subfield>
      <subfield code="e">author</subfield>
   </datafield>
   <datafield ind2=" " ind1=" " tag="720">
      <subfield code="a">Alonso Nuñez, Irene</subfield>
      <subfield code="e">author</subfield>
   </datafield>
   <datafield ind2=" " ind1=" " tag="720">
      <subfield code="a">Gracia Lor, Emma</subfield>
      <subfield code="e">author</subfield>
   </datafield>
   <datafield ind2=" " ind1=" " tag="720">
      <subfield code="a">Madrid Albarrán, María Yolanda</subfield>
      <subfield code="e">author</subfield>
   </datafield>
   <datafield ind2=" " ind1=" " tag="260">
      <subfield code="c">2024-07</subfield>
   </datafield>
   <datafield ind2=" " ind1=" " tag="520">
      <subfield code="a">Plant-based milks emerge as a healthy and vegan alternative for human diet, but these foodstuffs are susceptible to be contaminated by aflatoxins. A new method based on SPE and HPLC-MS/MS analysis was optimized and validated to test the presence of aflatoxins B1, B2, G1 and G2 analysis in almond, oat, rice and soy commercial milks. Moreover, aflatoxin bioaccessibility was evaluated through an in vitro digestion assay applied to each type of spiked milk. Aflatoxins B1, B2 and G1 were detected in one soy milk sample below the LOQ, fulfilling the limits stablished by the European Legislation. The final bioaccessibility percentages were highly dependent on the type of mycotoxin and sample matrix, the highest and the lowest values were obtained for AFB2 (82%–92%) and AFG1 (15%–30%), whereas AFB1 (28%–50%) and AFG2 (32%–76%) values resulted more influenced by the plant-based milk matrix.</subfield>
   </datafield>
   <datafield ind1="8" ind2=" " tag="024">
      <subfield code="a">Iván Romero-Sánchez, Irene Alonso-Núñez, Emma Gracia-Lor, Yolanda Madrid-Albarrán, Analysis and evaluation of in vitro bioaccessibility of aflatoxins B1, B2, G1 and G2 in plant-based milks, Food Chemistry, Volume 460, Part 1, 2024, 140538, ISSN 0308-8146</subfield>
   </datafield>
   <datafield ind1="8" ind2=" " tag="024">
      <subfield code="a">10.1016/j.foodchem.2024.140538</subfield>
   </datafield>
   <datafield ind1="8" ind2=" " tag="024">
      <subfield code="a">https://hdl.handle.net/20.500.14352/114010</subfield>
   </datafield>
   <datafield ind1="8" ind2=" " tag="024">
      <subfield code="a">https://doi.org/10.1016/j.foodchem.2024.140538</subfield>
   </datafield>
   <datafield ind2="0" ind1="0" tag="245">
      <subfield code="a">Analysis and evaluation of in vitro bioaccessibility of aflatoxins B1, B2, G1 and G2 in plant-based milks</subfield>
   </datafield>
</record></metadata></record></GetRecord></OAI-PMH>